000 00651nam a2200217 i 4500
001 130627
003 ES-MaACL
005 20230906193808.0
007 t|
008 070802s1970 sp ||||1| spa d
100 1 _aZatti, Mario.
_9118099
245 1 0 _aInterpretaciones quimicoclínicas /
_cMario Zatti.
260 _aBarcelona :
_bZambón,
_c[1970]
300 _a225 p. :
_bil. ;
_c18 cm.
490 1 _aColección monográfica "Zambón" ;
_v7
500 _aGrab. intercal.
650 1 4 _aDiagnóstico.
_911851
830 0 _aColección monográfica "Zambón" ;
_v7
_9192411
852 _aES-MaACL
_jC-40750
_bR.73345
999 _c130627
_d130627